| 000 | 01097nam a2200241Ia 4500 | ||
|---|---|---|---|
| 999 |
_c36357 _d36357 |
||
| 001 | 2269 | ||
| 003 | GE_BSU | ||
| 005 | 20190501161240.0 | ||
| 008 | 181216s2002||||ge |||||||||||||| ||geo|| | ||
| 020 | _a9992821868 | ||
| 040 | _cGE_BSU | ||
| 041 | _ageo | ||
| 080 | _a324 ა–40 | ||
| 100 |
_aაკერმან, სიუზან როუს. _9598 |
||
| 245 |
_aკორუფცია და ხელისუფლება : _bმიზეზები შედეგები და რეფორმა / _cსიუზან როუზ-აკერმანი რედ.: მანანა მექვაბიშვილი, მთარგმნ.: რამაზან აბდულაევი. |
||
| 264 |
_aთბილისი : _bჯისიაი, _c2002. |
||
| 300 |
_a357გვ.; _b20 სმ. |
||
| 500 | _aბიბლიოგრ.: გვ.:336-357 | ||
| 653 | _aსამართალი | ||
| 653 | _aკორუფცია | ||
| 700 |
_aაბდულაევი რამაზან _eმთარგმნელი _9599 |
||
| 942 |
_cBK _2udc |
||